| 000 | 00550nam a2200193 i 4500 | ||
|---|---|---|---|
| 001 | 87818 | ||
| 003 | ES-MaACL | ||
| 005 | 20240424063046.0 | ||
| 007 | t| | ||
| 008 | 041223s1949 sp ||||1| spa d | ||
| 100 | 1 |
_aLabordeta, Miguel, _d1921-1969 _969255 |
|
| 245 | 1 | 0 |
_aViolento idilio / _cMiguel Labordeta. |
| 260 |
_aMadrid : _bClan, _c1949 ( _fAga) |
||
| 300 |
_a33 p. ; _c21 cm. |
||
| 490 | 1 | _aCuadernos de poesía | |
| 830 | 0 |
_aCuadernos de poesía _9183624 |
|
| 852 |
_aES-MaACL _j1904-F-11 _bR.28821 |
||
| 999 |
_c87818 _d87818 |
||